| 000 | 00532nam a2200181 a 4500 | ||
|---|---|---|---|
| 003 | BD-DhJNU | ||
| 005 | 20250306054818.0 | ||
| 008 | 250204s1957 ii a b 001 0 eng | ||
| 040 |
_aBD-DhJNU _bENG _cBD-DhJNU _dBD-DhJNU |
||
| 082 | 0 | 0 |
_a160 SUI _223 |
| 100 | 1 | _aSuppes, Patrick | |
| 245 | 1 | 0 |
_aIntroduction to logic / _cPatrick Suppes |
| 260 |
_aNew York : _bD. Van Nostrand Company, Inc., _c1957. |
||
| 300 |
_axviii, 312 p. ; _c24 cm. |
||
| 504 | _aIncludes bibliographical references and index. | ||
| 650 | 0 | _alogic | |
| 942 | _cBK | ||
| 999 |
_c1454 _d1454 |
||